00939nam0a22002051i 4500001001100000005001700011021002000028035002600048100004100074101000800115102000700123105001800130200046300148210002500611215001100636700002600647801001800673801002200691852002000713rc\374912720240726072940.0 aRUb[71-9479а] a(NLR Aleph) 007789086 a20130115d1971 |||y0rusy50 ca0 arus aRU ay d |||||1 aИстория технологии производства железных изделий на территории Литвы в II-XIII вв.e(По данным металлогр. исследований железных изделий из археол. памятников Лит. ССР)eАвтореф. дис. на соискание учен. степени канд. ист. наукe(575)fАН Лит. ССР. Ин-т истории aВильнюсd1971 a32 с. 1aСтанкусbЙ. 0aRUbNLRgpsbo 1aRUbELAR2rusmarc aNLRj71-4/15688